The man with no name
Αποθηκεύτηκε σε:
| Κύριος συγγραφέας: | |
|---|---|
| Άλλοι συγγραφείς: | |
| Μορφή: | Βιβλίο |
| Γλώσσα: | English |
| Δημοσίευση: |
Oxford :
Heinemann,
1992
|
| Σειρά: | Heinemann guided readers. Elementary level
|
| Ετικέτες: |
Προσθήκη ετικέτας
Δεν υπάρχουν, Καταχωρήστε ετικέτα πρώτοι!
|
MARC
| LEADER | 00000nam a2200000 i 4500 | ||
|---|---|---|---|
| 001 | 1/23080 | ||
| 008 | 950310s1992 eng d | ||
| 020 | |a 0-435-27201-2 | ||
| 035 | |l 10022017 | ||
| 040 | |a GR-MY-UA |b gre |e aacr | ||
| 041 | 0 | |a eng | |
| 082 | 0 | |a 428.64 | |
| 100 | 1 | |a Davies, Evelyn. | |
| 245 | 1 | 4 | |a The man with no name / |c Evelyn Davies, Peter Town |
| 260 | |a Oxford : |b Heinemann, |c 1992 | ||
| 490 | 1 | |a Heinemann guided readers. Elementary level | |
| 700 | 1 | |a Town, Peter. | |
| 830 | 0 | |a Heinemann guided readers. Elementary level | |
| 852 | |a INST |b CHIOS |e 19950310 |h 428.64 DAV |p 005200003899 |q 005200003899 |t BK |y 0 | ||
| 909 | |a Χ |b 037400 | ||